Computer graphics (Record no. 5315)
[ view plain ]
| 000 -LEADER | |
|---|---|
| fixed length control field | 00731nam a22002537a 4500 |
| 003 - CONTROL NUMBER IDENTIFIER | |
| control field | OSt |
| 005 - DATE AND TIME OF LATEST TRANSACTION | |
| control field | 20220107122819.0 |
| 008 - FIXED-LENGTH DATA ELEMENTS--GENERAL INFORMATION | |
| fixed length control field | 160719b xxu||||| |||| 00| 0 eng d |
| 020 ## - INTERNATIONAL STANDARD BOOK NUMBER | |
| International Standard Book Number | 9780070601659 |
| 040 ## - CATALOGING SOURCE | |
| Transcribing agency | IIITMK |
| 082 ## - DEWEY DECIMAL CLASSIFICATION NUMBER | |
| Classification number | 006.6 XIA/C |
| 100 ## - MAIN ENTRY--PERSONAL NAME | |
| Personal name | Xiang, Zhigang |
| 9 (RLIN) | 10262 |
| 245 ## - TITLE STATEMENT | |
| Title | Computer graphics |
| Statement of responsibility, etc. | Zhigang Xiang and Roy A. Plastock |
| 250 ## - EDITION STATEMENT | |
| Edition statement | 2 |
| 260 ## - PUBLICATION, DISTRIBUTION, ETC. | |
| Place of publication, distribution, etc. | New Delhi, |
| Name of publisher, distributor, etc. | Tata McGraw Hill Publishing, |
| Date of publication, distribution, etc. | 2006. |
| 300 ## - PHYSICAL DESCRIPTION | |
| Extent | xvi, 407p. |
| 500 ## - GENERAL NOTE | |
| General note | Gifted by Dr. Rajasree M S |
| 650 ## - SUBJECT ADDED ENTRY--TOPICAL TERM | |
| Topical term or geographic name entry element | COMPUTER SCIENCE |
| 9 (RLIN) | 10263 |
| 650 ## - SUBJECT ADDED ENTRY--TOPICAL TERM | |
| Topical term or geographic name entry element | COMPUTER GRAPHICS |
| 9 (RLIN) | 10264 |
| 650 ## - SUBJECT ADDED ENTRY--TOPICAL TERM | |
| Topical term or geographic name entry element | COMPUTER ANIMATION |
| 9 (RLIN) | 10265 |
| 650 ## - SUBJECT ADDED ENTRY--TOPICAL TERM | |
| Topical term or geographic name entry element | DATA STRUCTURES IN GRAPHICS |
| 9 (RLIN) | 10266 |
| 700 ## - ADDED ENTRY--PERSONAL NAME | |
| Personal name | Plastock, Roy A. |
| 9 (RLIN) | 10267 |
| 942 ## - ADDED ENTRY ELEMENTS (KOHA) | |
| Source of classification or shelving scheme | Dewey Decimal Classification |
| Koha item type | Books |
| Withdrawn status | Lost status | Source of classification or shelving scheme | Damaged status | Not for loan | Collection code | Home library | Current library | Shelving location | Date acquired | Total Checkouts | Full call number | Barcode | Date last seen | Price effective from | Koha item type |
|---|---|---|---|---|---|---|---|---|---|---|---|---|---|---|---|
| Dewey Decimal Classification | Computer Graphics | Kerala University of Digital Sciences, Innovation and Technology Knowledge Centre | Kerala University of Digital Sciences, Innovation and Technology Knowledge Centre | Computer Science | 19/07/2016 | 006.6 XIA/C | 4595 | 03/12/2020 | 19/07/2016 | Books |